Online
Catalog

Nutrición artificial del adulto en reanimación / (Record no. 36078)

MARC details
000 -CABECERA
campo de control de longitud fija 00873nam a2200229 a 4500
001 - NÚMERO DE CONTROL
campo de control 000036587
005 - FECHA Y HORA DE LA ÚLTIMA TRANSACCIÓN
campo de control 20200930075820.0
008 - DATOS DE LONGITUD FIJA--INFORMACIÓN GENERAL
campo de control de longitud fija 120120s1988 sp 000 0 spa d
020 ## - NÚMERO INTERNACIONAL ESTÁNDAR DEL LIBRO
Número Internacional Estándar del Libro 8431104570
040 ## - FUENTE DE LA CATALOGACIÓN
Centro catalogador/agencia de origen DO-SdBNP
Lengua de catalogación spa
Centro/agencia transcriptor BNPHU
245 00 - MENCIÓN DE TÍTULO
Título Nutrición artificial del adulto en reanimación /
Mención de responsabilidad, etc. bajo la dirección de G. François y A. Artigas, con la colaboración de J.P. Auffray ... [et al.].
260 ## - PUBLICACIÓN, DISTRIBUCIÓN, ETC.
Lugar de publicación, distribución, etc. Barcelona :
Nombre del editor, distribuidor, etc. Masson,
Fecha de publicación, distribución, etc. 1988.
300 ## - DESCRIPCIÓN FÍSICA
Extensión 215 p. ;
Dimensiones 25 cm.
490 ## - MENCIÓN DE SERIE
Mención de serie Colección de médicina intensiva y anestesiología
Designación de volumen o secuencia 5
500 ## - NOTA GENERAL
Nota general Incluye índice
504 ## - NOTA DE BIBLIOGRAFÍA, ETC.
Nota de bibliografía, etc. Bibliografia :
534 ## - NOTA SOBRE LA VERSIÓN ORIGINAL
Encabezamiento principal del original Nutrition artificielle de l'adulte en réanimation
700 1# - PUNTO DE ACCESO ADICIONAL--NOMBRE DE PERSONA
Nombre de persona François, Georges,
Término indicativo de función/relación ed.
9 (RLIN) 62857
700 1# - PUNTO DE ACCESO ADICIONAL--NOMBRE DE PERSONA
Nombre de persona Artigas, A.
Término indicativo de función/relación ed.
9 (RLIN) 62858
700 1# - PUNTO DE ACCESO ADICIONAL--NOMBRE DE PERSONA
Nombre de persona Auffray, J. P.
9 (RLIN) 62859
830 #0 - PUNTO DE ACCESO ADICIONAL DE SERIE-TÍTULO UNIFORME
Título uniforme Colección de médicina intensiva y anestesiología
Designación de volumen o secuencia 5
9 (RLIN) 62860
Holdings
Estado de retiro Estado de pérdida Restricciones de uso No para préstamo Código de colección Localización permanente Ubicación/localización actual Ubicación en estantería Fecha de adquisición Número de inventario Total de préstamos Signatura topográfica completa Código de barras Fecha visto por última vez Precio válido a partir de Tipo de ítem Koha
        Monografías: Libros y Folletos General General Orden iniciada 20.01.2012 LF1   36587-10 25.06.2020 25.06.2020 No se presta
        Monografías: Libros y Folletos General General Orden iniciada 20.01.2012 LF1   36588-10 25.06.2020 25.06.2020 No se presta
        Monografías: Libros y Folletos General General Orden iniciada 20.01.2012 LF1   36588-20 25.06.2020 25.06.2020 No se presta

Powered by Koha